=LDR 00000nam 2200000 4500 =001 000562 =005 20250711124230 =035 ##$$a 0010-0725000430 =007 ta =008 250711################a##########0#ind## =020 ##$$a 978-623-307-155-0 =082 ##$$a 398.209 59 =084 ##$$a 398.209 59 SIA a =100 #$$a Felicia Siantidewi =245 1#$$a Ada apa di balik hutan? /$c Felicia Siantidewi =250 ##$$a Cetakan Kedua =260 ##$$a Rawamangun :$b Badan Pengembangan dan Pembinaan Bahasa,$c 2022 =300 ##$$a 28 hlm. : $b Ilus. ; $c 29,7 cm. =650 #4$$a Cerita Anak - Indonesia =650 #4$$a Literasi - Bahan bacaan =856 ##$$a TBM AS SUHADA =990 ##$$a TBM03230323